Normal view
MARC view
- WEB TRAFFIC
Entry Topical Term
001 - CONTROL NUMBER
- control field: 57856
003 - CONTROL NUMBER IDENTIFIER
- control field: NUST
005 - DATE AND TIME OF LATEST TRANSACTION
- control field: 20210628202016.0
008 - FIXED-LENGTH DATA ELEMENTS
- fixed length control field: 210628|| aca||aabn | a|a d
040 ## - CATALOGING SOURCE
- Original cataloging agency: NUST
- Transcribing agency: NUST
150 ## - HEADING--TOPICAL TERM
- Topical term or geographic name entry element: WEB TRAFFIC
670 ## - SOURCE DATA FOUND
- Source citation: Work cat.: (NUST): Stanek, William R 57855, Increase your web traffic, in weekend, 2000
